National Assembly Library of Thailand

วารสารวิชาการหอสมุดแห่งชาติ (ระเบียนเลขที่ 105683)

รายละเอียดในรูปแบบ MARC
000 -LEADER
fixed length control field 01066nam a22002657a 4500
003 - CONTROL NUMBER IDENTIFIER
control field NALT
005 - DATE AND TIME OF LATEST TRANSACTION
control field 20240903101805.0
006 - FIXED-LENGTH DATA ELEMENTS--ADDITIONAL MATERIAL CHARACTERISTICS
fixed length control field af||p|r|||| 00| 0
007 - PHYSICAL DESCRIPTION FIXED FIELD--GENERAL INFORMATION
fixed length control field ta
008 - FIXED-LENGTH DATA ELEMENTS--GENERAL INFORMATION
fixed length control field 240903b th f||p| |||| 00| 0 tha d
022 ## - INTERNATIONAL STANDARD SERIAL NUMBER
International Standard Serial Number 29852668
040 ## - CATALOGING SOURCE
Original cataloging agency NALT
041 ## - LANGUAGE CODE
Language code of text/sound track or separate title tha
245 ## - TITLE STATEMENT
Title วารสารวิชาการหอสมุดแห่งชาติ
260 ## - PUBLICATION, DISTRIBUTION, ETC.
Place of publication, distribution, etc. กลุ่มงานวิจัยและพัฒนาห้องสมุด สำนักหอสมุดแห่งชาติ
310 ## - CURRENT PUBLICATION FREQUENCY
Current publication frequency รายหกเดือน
650 #0 - SUBJECT ADDED ENTRY--TOPICAL TERM
Topical term or geographic name entry element ห้องสมุด
9 (RLIN) 22028
650 #0 - SUBJECT ADDED ENTRY--TOPICAL TERM
Topical term or geographic name entry element บรรณารักษศาสตร์
9 (RLIN) 35047
850 ## - HOLDING INSTITUTION
Holding institution NALT
856 ## - ELECTRONIC LOCATION AND ACCESS
Uniform Resource Identifier <a href="https://so04.tci-thaijo.org/index.php/nlt/issue/archive">https://so04.tci-thaijo.org/index.php/nlt/issue/archive</a>
866 ## - TEXTUAL HOLDINGS--BASIC BIBLIOGRAPHIC UNIT
Textual string ปีที่ 11 ฉบับ 2 (ก.ค.-ธ.ค. 2566)
942 ## - ADDED ENTRY ELEMENTS (KOHA)
Koha item type Journal/Magazine
Serial record 1
996 ## - STAFF PROCESSING RECORDS (NALT)
Staff name jintana.i
Staff type SERSTF
Acquisition or Cataloging date 2024-09-03
998 ## - STAFF NAME (NALT)
-- 755
-- 755
-- นางจินตนา เอี่ยมคง
รายการที่มีในห้องสมุด
Withdrawn status Lost status Source of classification or shelving scheme Damaged status Not for loan Collection code Home library Current library Shelving location Date acquired Source of acquisition Serial Enumeration / chronology Total Checkouts Barcode Date last seen Uniform Resource Identifier Price effective from Koha item type
    Library of Congress Classification     Journals & Periodicals collection National Assembly Library of Thailand National Assembly Library of Thailand Journal & Magazine shelves 06/09/2024 บริจาค ปีที่ 11 ฉบับที่ 2 (ก.ค.-ธ.ค. 2566)   2900035614 06/09/2024 https://search-library.parliament.go.th/files/cover/Cover-journal/Library%20of%20Thailand/Library_v11n2.jpg 06/09/2024 Journal/Magazine
หอสมุดรัฐสภา
สำนักงานเลขาธิการสภาผู้แทนราษฎร เลขที่ 1111 ถนนสามเสน แขวงถนนนครไชยศรี เขตดุสิต กรุงเทพฯ 10300
The Secretariat of the House of Representatives 1111 Samsen Road, Thanon Nakhon Chai Si, Dusit, Bangkok 10300, THAILAND
โทรศัพท์: +66(0) 2242 5900 ต่อ 5714-5 โทรสาร: +66(0) 2242 5990 อีเมล: [email protected]